| 000 | 00806nam a2200229 4500 | ||
|---|---|---|---|
| 001 | 36781 | ||
| 003 | BD-RjUL | ||
| 005 | 20211209052535.0 | ||
| 008 | 140903s19661958bg ||||| ||| 00| 0 ben d | ||
| 020 | _cPRs. 4.00 | ||
| 035 | _a(BD-RjUL)36883 | ||
| 040 |
_aBD-RjUL _bben _cBD-RjUL |
||
| 041 | _aben | ||
| 082 |
_a891.443 _bHAB 1966 |
||
| 100 |
_aহারুন-অর-রশীদ, এ. এম. _9112200 |
||
| 245 | 1 | 0 |
_aবঞ্চিতের ব্যথা / _cএ. এম. হারুন-অর-রশীদ |
| 260 |
_aঢাকা: _bদিদার , _c1958 [পুনমুর্দ্রণ ১৯৬৬] |
||
| 300 |
_a[১০], ১৬৮পৃ.; _c২২ সেমি. |
||
| 650 |
_aবাংলা উপন্যাস _9120228 |
||
| 650 |
_aBengali Fiction _9120229 |
||
| 942 |
_2ddc _cBK |
||
| 999 |
_c36781 _d36781 |
||